00434nam a2200193Ia 4500008004000000041000800040082001200048100000900060245005200069260003800121440000600159650000800165650001400173650000700187650000700194650001200201650001300213650001400226210210b1905 xxu||||| |||| 00| 0 eng d aeng a942/333 aOMAN aPolitical history of England: 1377-1485 Vol IV aLondonbLongmans Green & Coc1905 a4 aVol aPolitical aof aIV ahistory aEngland: a1377-1485